000 00715nam a22002537a 4500
001 9458
003 FISKH
005 20260113111838.0
008 260113b cb ||||| |||| 00| 0 eng d
020 _a9780022742485
040 _aFISKH
_beng
_cFISKH
_dFISKH
050 _aLB1585
100 _aAtwater , Mary
245 _aMolly's magnet /
_bBy Mary Atwater
260 _aNew York :
_bMacmillan / McGraw-Hill School Publishing Company ,
_c1993.
300 _a32 pages :
_bcolor illustrations;
_c25 cm .
505 _aF
521 8 _a300
_bLexile estimate
521 8 _aF
_bRaz-Plus
650 _aFamily
_vNon-fiction
650 _aGirls
_vNon-fiction
942 _2ddc
_cBK
_n0
999 _c9458
_d9458